=LDR 00000nam 2200000 4500 =001 INLIS000000000024584 =005 20130612123148 =008 ***********************************Ind** =035 ##$$0010-061300000024584 =041 ##$$a Ind =082 ##$$a 345.01 =090 ##$$a 345.01, Har p =100 ##$$a Harris =245 ##$$a Pembaharuan hukum acara pidana, Harris =260 ##$$a 1995 $b Bandung =300 ##$$a 210 hlm, 21 cm =650 ##$$a Hukum =850 ##$$a NBPNMAT